Statistics for Top 100 Metropolitan Areas in the USA

Click here to take the quiz!

General Stats

  • This quiz has been taken 65 times
  • The average score is 79 of 100

Answer Stats

PopulationStateAnswer% Correct
9,274,140ILChicago
100%
7,943,685TXDallas
100%
12,872,322CALos Angeles
100%
6,139,340FLMiami
100%
19,557,311NYNew York City
100%
5,015,678AZPhoenix
100%
4,579,599CASan Francisco
100%
6,265,183DCWashington
100%
6,237,435GAAtlanta
98%
2,421,115TXAustin
98%
4,900,550MABoston
98%
2,985,871CODenver
98%
4,345,761MIDetroit
98%
7,368,466TXHouston
98%
2,509,489ORPortland
98%
3,276,208CASan Diego
98%
4,034,248WASeattle
98%
2,322,985NVLas Vegas
96%
3,693,729MNMinneapolis
96%
6,241,164PAPhiladelphia
96%
2,434,021PAPittsburgh
96%
2,416,702CASacramento
96%
2,655,342TXSan Antonio
96%
3,290,730FLTampa
96%
2,756,069NCCharlotte
94%
2,119,839INIndianapolis
94%
2,209,494MOKansas City
94%
2,764,182FLOrlando
94%
1,161,192NYBuffalo
93%
2,258,099OHCincinnati
93%
2,160,146OHCleveland
93%
2,161,511OHColumbus
93%
610,904MSJackson
93%
1,675,668FLJacksonville
93%
1,559,792WIMilwaukee
93%
2,072,283TNNashville
93%
1,266,191UTSalt Lake City
93%
1,938,524CASan Jose
93%
2,801,319MOSt. Louis
93%
2,835,672MDBaltimore
91%
1,339,855TNMemphis
91%
972,913LANew Orleans
91%
1,459,380OKOklahoma City
91%
1,158,069CTHartford
89%
995,638HIHonolulu
89%
1,361,946KYLouisville
89%
1,484,338NCRaleigh
89%
1,057,597AZTucson
89%
904,617NYAlbany
87%
1,181,196ALBirmingham
87%
1,034,123OKTulsa
87%
919,543NMAlbuquerque
85%
1,175,446CAFresno
85%
976,671NEOmaha
85%
1,339,182VARichmond
85%
1,056,701NYRochester
85%
765,424COColorado Springs
83%
1,673,802RIProvidence
83%
1,787,188VAVirginia Beach
83%
830,529SCCharleston
81%
872,195TXEl Paso
81%
811,336IDBoise
80%
847,686SCColumbia
80%
687,077WIMadison
80%
873,060LABaton Rouge
78%
757,615ARLittle Rock
78%
597,919WASpokane
78%
916,108CABakersfield
76%
812,595OHDayton
76%
653,633NYSyracuse
76%
729,053IADes Moines
74%
1,157,752MIGrand Rapids
74%
784,101NCGreensboro
74%
4,667,558CARiverside
74%
600,406OHToledo
74%
650,039KSWichita
72%
932,245TNKnoxville
70%
697,627OHAkron
69%
574,507TNChattanooga
67%
603,493PAHarrisburg
67%
715,001UTProvo
65%
602,407NCDurham
63%
573,244CTNew Haven
63%
950,976CTBridgeport
61%
688,471NCWinston-Salem
61%
862,927MAWorcester
59%
576,403ARFayetteville
52%
888,367TXMcAllen
50%
652,341UTOgden
50%
793,229CAStockton
48%
958,958SCGreenville
46%
871,229PAAllentown
43%
822,453FLCape Coral
43%
787,404FLLakeland
31%
832,605CAOxnard
30%
703,486NYPoughkeepsie
19%
705,897FLDeltona
15%
630,693FLPalm Bay
7%
891,411FLNorth Port
4%
624,083GAAusgusta
0%

Score Distribution

Percentile by Number Answered

Percent of People with Each Score

Your Score History

You have not taken this quiz